ALCA: una guerra, muchas batallas. Nuevos desafíos para la teología liberadora /
Guardat en:
| Autor principal: | |
|---|---|
| Format: | Text |
| Matèries: | |
| Etiquetes: |
Afegir etiqueta
Sense etiquetes, Sigues el primer a etiquetar aquest registre!
|
MARC
| LEADER | 00000 a a2200000 04500 | ||
|---|---|---|---|
| 001 | 11800 | ||
| 003 | |||
| 040 | |||
| 100 | |a Dausá, Alejandro | ||
| 245 | |a ALCA: |b una guerra, muchas batallas. Nuevos desafíos para la teología liberadora / |c Alejandro Dausá | ||
| 650 | |a ALCA | ||
| 650 | |a IGLESIA CATOLICA | ||
| 650 | |a LIBERACION | ||
| 650 | |a MOVIMIENTOS SOCIALES | ||
| 773 | |g número 112; páginas 8-13 | ||
| 999 | |c 24156 |d 24156 | ||
| 773 | 0 | |0 41641 |9 2443 |a Departamento Ecuménico de Investigaciones (DEI) |d San José, Costa Rica Departamento Ecuménico de Investigaciones (DEI) |o 20200 |t Pasos / | |
